El velero rojo / (Registro nro. 9652)

Detalles MARC
000 -LIDER
fixed length control field 01013nam a22003377a 4500
001 - NÚMERO DE CONTROL
Identificador de número de control 0479
003 - IDENTIFICACDOR DE NÚMERO DE CONTROL
control field DO-SdBNP
005 - DATE AND TIME OF LATEST TRANSACTION
control field 20180220091653.0
007 - CAMPOS FIJOS DE DESCRIPCIÓN FÍSICA
fixed length control field 0479
008 - ELEMENTOS DE LONGITUD FIJA
fixed length control field 151005b 1993 sp a 00| 0 spa d
020 ## - ISBN
International Standard Book Number 8434812665
040 ## - FUENTE DE CATALOGACIÓN
Agencia que crea de manera original el registro BPMSU
Idioma de catalogación spa
Agencia que realiza la transcripción BPMSU
092 ## - LOCALLY ASSIGNED DEWEY DECIMAL CALL NUMBER
Número de clasificación XXXX
Número de ítem (Cutter) XXXX
100 1# - ASIENTO PRINCIPAL -- NOMBRE PERSONAL
Nombre personal Grin, A.
240 10 - TITULO UNIFORME
Título uniforme Das feuerrote segel /
Fecha de una obra
Idioma de una obra español
245 10 - MENCIÓN DE TITULO
Título El velero rojo /
Mención de responsabilidad A. Grin, W. Fährmamm ; ilustración Arcadio Lobato ; traducción Jesús Larriba ; colección dirigida por Marinella Terzi
250 ## - MENCIÓN DE EDICION
Mención de edición 11a. ed.
260 ## - PUBLICACIÓN, DISTRIBUCIÓN, ETC. (PIE DE IMPRENTA)
Lugar de publicación, distribución, etc Madrid :
Nombre del editor, distribuidor, etc. Ediciones SM,
Fecha de publicación, distribución, etc 1993.
300 ## - DESCRIPCIÓN FÍSICA
Extensión 110 p. :
Otros detalles físicos il. ;
Dimensiones 21 cm.
490 1# - MENCIÓN DE SERIES
Mención de serie El barco de vapor
Volume/sequential designation 22
Enlace Serie Naranja
490 1# - MENCIÓN DE SERIES
Mención de serie
521 1# - TARGET AUDIENCE NOTE
Target audience note A partir de los 9 años
700 12 - ASIENTO SECUNDARIO -- NOMBRE PERSONAL
Nombre personal Fährmann, W.
700 12 - ASIENTO SECUNDARIO -- NOMBRE PERSONAL
Nombre personal Lobato, Arcadio
Mención de responsabilidad il.
700 12 - ASIENTO SECUNDARIO -- NOMBRE PERSONAL
Nombre personal Larriba, Jesús
Mención de responsabilidad tr.
830 #0 - ASIENTO SECUNDARIO DE SERIE--TÍTULO UNIFORME
Título uniforme Barco de vapor
Número de la parte o sección de una obra
Volume number/sequential designation 22
Información miscelánea Serie Naranja
830 #0 - ASIENTO SECUNDARIO DE SERIE--TÍTULO UNIFORME
Título uniforme
942 ## - ADDED ENTRY ELEMENTS (KOHA)
Source of classification or shelving scheme Dewey Decimal Classification
Koha item type Libros
945 ## - INFORMACIÓN DE PROCESAMIENTO LOCAL
Información de procesamiento local Inventariado, 2018/ YL
956 ## - LOCAL ELECTRONIC LOCATION AND ACCESS (OCLC)
Nombre de host YLOCKWARD
Método de acceso
Enlace
Número de acceso 10
Información de compresión BPMSU
Existencias
Withdrawn status Lost status Source of classification or shelving scheme Damaged status Not for loan Collection code Home library Current library Date acquired Source of acquisition Total Checkouts Barcode Date last seen Price effective from Koha item type
    Dewey Decimal Classification     Colección Infantil General Biblioteca Pública Metropolitana Salomé Ureña Biblioteca Pública Metropolitana Salomé Ureña 04/08/2016 Donación   BPMSU18020180 04/08/2016 04/08/2016 Libros